Paroles : Aline - Christophe - Statistiques

Statistiques générales
  • Ce quiz a été pris 2 319 fois
  • Le résultat moyen est 119 sur 139
Statistiques - réponses
Paroles % Correct
a
99%
Aline
98%
Et
98%
j'ai
98%
Pour
98%
pour
98%
crié,
97%
crié
97%
Que
97%
qu'elle
97%
revienne
97%
de
96%
pleuré,
96%
pleuré
96%
le
93%
J'avais
92%
Son
92%
son
92%
Sur
92%
peine
91%
ce
90%
doux
90%
Oh!
90%
trop
90%
visage
90%
me
89%
sable
89%
cet
87%
dessiné
87%
Qui
87%
cette
86%
Elle
86%
plage
86%
il
85%
plu
83%
disparu
82%
la
82%
Dans
79%
Je
79%
orage
79%
Puis
79%
souriait
79%
suis
72%
Mais
71%
belle
66%
âme
64%
dame
64%
un
64%
assis
62%
S'était
60%
Auprès
58%
enfuie
58%
plus
51%
Sans
51%
sans
51%
y
50%
l'ai
48%
croire
46%
espoir
46%
mouillé
46%
guider
45%
une
42%
n'ai
37%
cherchée
36%
Comme
32%
gardé
30%
épave
21%
Aucun quiz correspondant
Distribution des résultats
% des personnes avec chaque résultat
Percentile par nombre de réponses
Votre historique - résultats
Vous n’avez pas pris ce quiz